| 000 | 01989nam0a2200373 4500 | ||
|---|---|---|---|
| 001 | RU\NLR\BIBL_A\011562018 | ||
| 005 | 20260409080632.0 | ||
| 010 |
_a9785905403064 _92000 |
||
| 021 |
_aRU _b2017-92023 _96588 |
||
| 035 | _a(RuMoRGB)009474441 | ||
| 035 | _a(NLR Aleph) 011562018 | ||
| 090 |
_a12280794 _c12280794 |
||
| 100 | _a20171219d2017 m y0rusy50 ca | ||
| 101 | 0 | _arus | |
| 102 | _aRU | ||
| 105 | _ac z 000zy | ||
| 200 | 1 |
_aЧетвероевангелие _aАпостол _eруководство к изучению Священного Писания Нового Завета _fархиепископ Аверкий (Таушев) |
|
| 210 |
_aСанкт-Петербург _cБиблиополис _d2017 |
||
| 215 |
_a791 с. _cпортр. _d22 |
||
| 300 | _aНастоящий труд "Руководство к изучению Священного Писания Нового Завета" состоит из 2-х ч.: Четвероевангелия и Апостола | ||
| 320 | _aБиблиогр. в тексте предисл.: с. 5-6 и в осн. тексте | ||
| 500 |
_aБиблия _iН.З. _iЕвангелие _3RU\NLR\AUTH\553145 _92631082 |
||
| 500 |
_aБиблия _iН.З. _iДеяния апостолов _3RU\NLR\AUTH\559153 _92631193 |
||
| 500 |
_aБиблия _iН.З. _iПослания _3RU\NLR\AUTH\559205 _92631232 |
||
| 517 | 1 | _aРуководство к изучению Священного Писания Нового Завета | |
| 605 |
_aБиблия _iНовый Завет _xИсследование текста _91153960 _3RU\NLR\AUTH\66142780 |
||
| 686 |
_aЭ37-220.911,0 _2rubbk |
||
| 686 | 2 | _aЭ37-220.2 | |
| 700 | 0 |
_8rus _7ca _aАверкий _cТаушев, Александр Павлович _cархиепископ Сиракузский и Троицкий _f1906-1976 _3RU\NLR\AUTH\778914 _9118793 |
|
| 942 | _cBOOK | ||
| 980 | _aNBR | ||